000 00743nam a2200205 a 4500
001 54157
005 20180714044822.0
008 140415s2009 mx 000 0 spa d
020 _a9789706138002
041 _aspa
082 _a320
_bAND
100 1 _aANDRADE SANCHEZ, EDUARDO
245 1 0 _aINTRODUCCION A LA CIENCIA POLITICA
250 _a3a ed.
260 _aMEXICO :
_bOXFORD UNIVERSITY PRESS,
_c2009
300 _a269
_c17 x 1.5 x 23
490 _aTEXTOS JURIDICOS UNIVERISTARIOS
520 _aDESPUES DE 15 AÑOS, J, EDUARDO ANDRADE SANCHEZ OFRECE A LOS LECTORES ESTA TERCERA EDICION DE INTRODUCCION A LA CIENCIA POLITICA EN LA QUE DESARROLLA TEMAS ALGIDOS Y POLEMICOS COMO SON:
650 1 4 _aCIENCIAS POLITICAS
999 _c54157
_d54157